Name the Bands by Lead Singer - Statistics

General Stats
  • This quiz has been taken 1,358 times
    851 since last reset
  • The average score is 30 of 80
Answer Stats
Vocalist Band % Correct
Kurt Cobain Nirvana
92%
Ozzy Osbourne Black Sabbath
89%
Axl Rose Guns N' Roses
89%
Freddie Mercury Queen
87%
Mick Jagger The Rolling Stones
81%
Bono U2
77%
Steven Tyler Aerosmith
76%
Jim Morrison The Doors
76%
Dave Grohl Foo Fighters
75%
Liam Gallagher Oasis
75%
Billie Joe Armstrong Green Day
71%
Robert Plant Led Zeppelin
69%
Chris Martin Coldplay
67%
Eddie Vedder Pearl Jam
66%
James Hetfield Metallica
64%
Gwen Stefani No Doubt
63%
Stevie Nicks Fleetwood Mac
62%
Chris Cornell Soundgarden/Audioslave/Temple of the Dog
61%
Lemmy Kilmister Motorhead
57%
Dave Gilmour Pink Floyd
56%
Thom Yorke Radiohead
55%
Roger Daltrey The Who
55%
Bon Scott AC/DC
54%
Anthony Kiedis Red Hot Chili Peppers
54%
David Lee Roth Van Halen
54%
Johnny Rotten The Sex Pistols
53%
John Fogerty Creedence Clearwater Revival
49%
Chester Bennington Linkin Park
49%
Dolores O'Riordan The Cranberries
49%
Paul Stanley KISS
48%
Steve Perry Journey
47%
Bruce Dickinson Iron Maiden
43%
Billy Corgan Smashing Pumpkins
43%
Trent Reznor Nine Inch Nails
42%
Ann Wilson Heart
41%
Don Henley The Eagles
41%
Robert Smith The Cure
40%
Amy Lee Evanescence
38%
Dave Mustaine Megadeth
37%
Zack de la Rocha Rage Against the Machine
37%
Geddy Lee Rush
37%
Dee Snider Twisted Sister
37%
Layne Staley Alice In Chains
35%
Serj Tankian System of a Down
35%
Shirley Manson Garbage
34%
Michael Hutchence INXS
33%
Rob Halford Judas Priest
32%
Bret Michaels Poison
31%
Corey Taylor Stone Sour/Slipknot
31%
Grace Slick Jefferson Airplane/Starship/The Great Society
27%
Scott Weiland Stone Temple Pilots/Velvet Revolver
24%
Gavin Rossdale Bush
22%
Jonathan Davis Korn
21%
Tom DeLonge Blink-182/Angels & Airwaves/Boxcar Racer
19%
Dexter Holland The Offspring
18%
Shannon Hoon Blind Melon
17%
Jakob Dylan The Wallflowers
17%
Maynard James Keenan A Perfect Circle/Puscifer/Tool
16%
Chino Moreno Deftones
16%
John Rzeznik Goo Goo Dolls
16%
Paul Rodgers Bad Company/Free
15%
Tom Araya Slayer
14%
Zakk Wylde Black Label Society
11%
Aaron Lewis Staind
11%
Burton Cummings The Guess Who
11%
Cherie Currie The Runaways
10%
Benjamin Burnley Breaking Benjamin
9%
Geoff Tate Queensryche
8%
Gord Downie The Tragically Hip
7%
Andrew Wood Mother Love Bone/Malfunkshun
5%
Dan McCafferty Nazareth
5%
Steven Page Barenaked Ladies
4%
Jim Cuddy Blue Rodeo
4%
Robert Lamm Chicago
4%
Dave Pirner Soul Asylum
4%
Raine Maida Our Lady Peace
3%
Brent Smith Shinedown
3%
Al Barr The Dropkick Murphys
3%
Brett Scallions Fuel
2%
Shaun Morgan Seether
2%
No matching quizzes found
Score Distribution
Percent of People with Each Score
Percentile by Number Answered
Your Score History
You have not taken this quiz since the last reset